Tục thờ cúng của người Việt
Kaydedildi:
| Yazar: | |
|---|---|
| Materyal Türü: | Kitap |
| Dil: | Undetermined |
| Baskı/Yayın Bilgisi: |
H.
QĐND
2009
|
| Konular: | |
| Online Erişim: | http://lrc.tdmu.edu.vn/opac/search/detail.asp?aID=2&ID=7501 |
| Etiketler: |
Etiketle
Etiket eklenmemiş, İlk siz ekleyin!
|
| Thư viện lưu trữ: | Trung tâm Học liệu Trường Đại học Thủ Dầu Một |
|---|
| LEADER | 00594nam a2200193Ia 4500 | ||
|---|---|---|---|
| 001 | TDMU_7501 | ||
| 008 | 210410s9999 xx 000 0 und d | ||
| 082 | |a 390.597 | ||
| 090 | |b B510 | ||
| 100 | |a Bùi, Xuân Mỹ | ||
| 245 | 0 | |a Tục thờ cúng của người Việt | |
| 245 | 0 | |c Bùi Xuân Mỹ | |
| 260 | |a H. | ||
| 260 | |b QĐND | ||
| 260 | |c 2009 | ||
| 300 | |a 212tr | ||
| 650 | |a Tục thờ cúng; Văn hóa; Việt Nam | ||
| 856 | |u http://lrc.tdmu.edu.vn/opac/search/detail.asp?aID=2&ID=7501 | ||
| 980 | |a Trung tâm Học liệu Trường Đại học Thủ Dầu Một | ||